Application of automatic thyristor reactive power compensators in agricultural distribution networks; Молодежь и современные информационные технологии

Bibliografiske detaljer
Parent link:Молодежь и современные информационные технологии.— 2022.— С. 292-293
Institution som forfatter: Национальный исследовательский Томский политехнический университет
Andre forfattere: Yesenbayev S. H., Bobuyok S. A. Sergey Andreevich, Akhmetov А. Е., Vedyashkin V. E.
Summary:Заглавие с титульного экрана
Sprog:engelsk
Udgivet: 2022
Serier:Автоматизация технологических процессов и производств
Fag:
Online adgang:http://earchive.tpu.ru/handle/11683/71247
Format: Electronisk Book Chapter
KOHA link:https://koha.lib.tpu.ru/cgi-bin/koha/opac-detail.pl?biblionumber=634453

MARC

LEADER 00000naa2a2200000 4500
001 634453
005 20250325091533.0
035 |a (RuTPU)RU\TPU\conf\36271 
035 |a RU\TPU\conf\36269 
090 |a 634453 
100 |a 20220602d2022 k y0rusy50 ba 
101 0 |a eng 
102 |a RU 
105 |a y z 101zy 
135 |a drgn ---uucaa 
181 0 |a i  
182 0 |a b 
200 1 |a Application of automatic thyristor reactive power compensators in agricultural distribution networks  |f S. H. Yesenbayev, S. A. Bobuyok, А. Е. Akhmetov, V. E. Vedyashkin 
203 |a Текст  |c электронный 
225 1 |a Автоматизация технологических процессов и производств 
300 |a Заглавие с титульного экрана 
320 |a [Библиогр.: с. 293 (5 назв.)] 
463 1 |0 (RuTPU)RU\TPU\conf\36043  |t Молодежь и современные информационные технологии  |o сборник трудов XIX Международной научно-практической конференции студентов, аспирантов и молодых учёных, 21-25 марта 2022 г., г. Томск  |f Национальный исследовательский Томский политехнический университет, Инженерная школа информационных технологий и робототехники ; ред. кол. А. Ю. Дёмин, Н. Г. Марков, В. Г. Спицын [и др.]  |v С. 292-293  |d 2022 
610 1 |a электронный ресурс 
610 1 |a труды учёных ТПУ 
610 1 |a тиристорные компенсаторы 
610 1 |a распределительные сети 
610 1 |a электроснабжение 
610 1 |a конденсаторные установки 
610 1 |a нагрузки 
701 1 |a Yesenbayev  |b S. H. 
701 1 |a Bobuyok  |b S. A.  |c specialist in the field of instrument engineering  |c Engineer of Tomsk Polytechnic University  |f 1998-  |g Sergey Andreevich  |9 88672 
701 1 |a Akhmetov  |b А. Е. 
701 1 |a Vedyashkin  |b V. E. 
712 0 2 |a Национальный исследовательский Томский политехнический университет  |c (2009- )  |3 (RuTPU)RU\TPU\col\15902  |9 26305 
801 2 |a RU  |b 63413507  |c 20220608  |g RCR 
856 4 |u http://earchive.tpu.ru/handle/11683/71247 
942 |c BK